000 01151nam a2200277 4500
001 0000023038
003 CO-CtgCURN
005 20250506203501.0
008 160627s2006 000 0 eng d
020 _a9588250315
040 _aCO-CtgCURN
_bspa
_ccoctgcurn
082 0 _a986.11
_bC277
110 1 _aCatedra Anual de Historia Ernesto Restrepo Tirado.
245 1 3 _aEl caribe en la nacion colombiana :
_bmemorias /
_cCatedra anual de historia Ernesto Restrepo Tirado , compilador Alberto Abello Vives.
260 _aBogotá :
_bMuseo Nacional de Colombia,
_c2006.
300 _a551p. p.
336 _2rdacontent
337 _2rdamedia
_asin mediacion
_bn
338 _2rdacarrier
_avolumen
_bnc
505 8 _aArqueología y lenguas.--Region y poblamiento.--Historia.--Poblacion.--Los pueblos indigenas del caribe colombiano.--Migraciones al caribe.--Cultura
650 0 _aCultura popular
_xCongresos, conferencias, etc.
_zCaribe (Region, Colombia)
700 1 _aAbello Vives, Alberto,
_eCompilador.
908 _a160627
942 _cBK
_h986.11
_iC277
_2ddc
999 _c48247
_d48247
_x1